[Event "GER-ch U18 sf Berlin Online"]
[Site "Playchess.com INT"]
[Date "2020.05.01"]
[Round "2"]
[White "Danchishin, Kirill"]
[Black "Stummvoll, Lucas"]
[Result "1-0"]
[WhiteElo "1620"]
[BlackElo "1620"]
[PlyCount "87"]
[EventDate "2020.05.01"]
[EventType "swiss (blitz)"]
[EventRounds "13"]
[EventCountry "GER"]
[SourceTitle "CBM 195 Extra"]
[Source "ChessBase"]
[SourceDate "2020.05.31"]
[SourceVersion "1"]
[SourceVersionDate "2020.05.31"]
[SourceQuality "1"]

1. d4 d5 2. c4 dxc4 3. e3 Nc6 4. Bxc4 Nf6 5. Nc3 e6 6. Nf3 Be7 7. 0-0 0-0 8. b3 Bd7 9. Bb2 Re8 10. d5 e5 11. dxc6 Bxc6 12. Qxd8 Raxd8 13. Nxe5 Bd6 14. Bxf7+ Kf8 15. Bxe8 Rxe8 16. Nc4 Bc5 17. Na4 Bb4 18. Bxf6 gxf6 19. a3 Be7 20. Nc3 Rd8 21. Rad1 Rxd1 22. Rxd1 b5 23. Na5 Be8 24. b4 c6 25. Nb7 Kf7 26. Ne4 f5 27. Ned6+ Bxd6 28. Nxd6+ Ke7 29. Nxe8 Kxe8 30. Rd6 Ke7 31. Rxc6 Kd7 32. Ra6 Kc7 33. Rxa7+ Kb6 34. Rxh7 Kc6 35. Rf7 Kd6 36. Rxf5 Ke6 37. Rxb5 Kd6 38. h4 Ke6 39. h5 Kf6 40. h6 Kf7 41. Rb6 Kg8 42. Rb7 Kf8 43. h7 Ke8 44. h8Q# 1-0

[Event "GER-ch U18 sf Berlin Online"]
[Site "Playchess.com INT"]
[Date "2020.05.01"]
[Round "4"]
[White "Hess, Wadim"]
[Black "Stummvoll, Lucas"]
[Result "1-0"]
[WhiteElo "1620"]
[BlackElo "1620"]
[PlyCount "39"]
[EventDate "2020.05.01"]
[EventType "swiss (blitz)"]
[EventRounds "13"]
[EventCountry "GER"]
[SourceTitle "CBM 195 Extra"]
[Source "ChessBase"]
[SourceDate "2020.05.31"]
[SourceVersion "1"]
[SourceVersionDate "2020.05.31"]
[SourceQuality "1"]

1. d4 d5 2. e3 Nf6 3. Nf3 Nc6 4. Bd3 e6 5. b3 Bd7 6. Bb2 Be7 7. Nbd2 0-0 8. 0-0 Qe8 9. Ne5 Nxe5 10. dxe5 Ne4 11. Nxe4 dxe4 12. Bxe4 Rd8 13. Qh5 h6 14. f4 Bb5 15. Rf3 f6 16. Bg6 Qc6 17. Rg3 Bb4 18. Bh7+ Kxh7 19. Qg6+ Kh8 20. Qxg7# 1-0

[Event "GER-ch U18 sf Berlin Online"]
[Site "Playchess.com INT"]
[Date "2020.05.01"]
[Round "1"]
[White "Stummvoll, Lucas"]
[Black "Schoen, Florian"]
[Result "0-1"]
[WhiteElo "1620"]
[BlackElo "1585"]
[PlyCount "54"]
[EventDate "2020.05.01"]
[EventType "swiss (blitz)"]
[EventRounds "13"]
[EventCountry "GER"]
[SourceTitle "CBM 195 Extra"]
[Source "ChessBase"]
[SourceDate "2020.05.31"]
[SourceVersion "1"]
[SourceVersionDate "2020.05.31"]
[SourceQuality "1"]

1. e4 e5 2. Nc3 Nf6 3. Nf3 Nc6 4. Bc4 Bc5 5. Nxe5 Nxe5 6. d4 Nxc4 7. dxc5 Na5 8. 0-0 h6 9. Re1 0-0 10. e5 Nh7 11. Qf3 Nc6 12. Qg3 Kh8 13. Bd2 Qe7 14. Qd3 Qxc5 15. Re2 Nxe5 16. Qg3 d6 17. Rae1 Bf5 18. Qf4 Bg6 19. Re3 Nc4 20. Qh4 Nxd2 21. Qh3 Nc4 22. Rg3 Ne5 23. Rf3 Nxf3+ 24. Qxf3 Rfe8 25. Rxe8+ Rxe8 26. h3 Re1+ 27. Kh2 Qe5+ 0-1